| 000 | 01595nam1a2200373 4500 | ||
|---|---|---|---|
| 001 | RU\NLR\ONL2\12816 | ||
| 005 | 20250807185152.0 | ||
| 035 | _a(NLR Aleph) 009660402 | ||
| 090 |
_a82198 _c82198 |
||
| 100 | _a20081101d1941 d y0rusy50 ca | ||
| 101 | 0 | _aaze | |
| 102 | _aAZ | ||
| 105 | _aab ||||||||| | ||
| 181 | 0 |
_ai _baxxe |
|
| 182 | 0 | _an | |
| 200 | 1 |
_aССРИ тарихи _fпроф. К. В. Базилевич, проф. С. В. Бахрушин, проф. А. М. Панкратова, доц. А. В. Фохт _gССРИ ЕА Тарих ин-ту _eорта мәктәбин VIII синфи үчүн |
|
| 203 |
_aТекст _bвизуальный _cнепосредственный |
||
| 210 |
_aБакы _cАзәрнәшр _d1941 |
||
| 215 | _d22 | ||
| 541 | 1 |
_aИстория СССР _zrus |
|
| 607 |
_9Учебные издания для средней школы _aСССР _xИстория _2nlr-sh2 _2nlr-sh1 _3RU\NLR\auth\6613829 |
||
| 689 | 1 | _aТ3(2)1/7 я72 | |
| 701 | 1 |
_aБазилевич _bК. В. _f1892-1950 _gКонстантин Васильевич _3RU\NLR\AUTH\770278682 _4070 |
|
| 701 | 1 |
_aБахрушин _bС. В. _4070 |
|
| 701 | 1 |
_aПанкратова _bА. М. _4070 |
|
| 701 | 1 |
_aФохт _bА. В. _f1899-1972 _gАнастасия Викторовна _3RU\NLR\AUTH\770278695 _4070 |
|
| 801 | 0 |
_aRU _bNLR _c20090216 _gPSBO |
|
| 852 |
_aNLR _bОНЛ _jАзерб./3-1975 |
||
| 942 | _cBOOK | ||
| 945 | _aРоссийская национальная библиотека | ||
| 980 | _aBV | ||
| 980 | _aONL_RF | ||